[Event "IV Zicosur Open 2019"]
[Site "Antofagasta"]
[Date "2019.01.09"]
[Round "9"]
[White "Gonzalez Vidal, Yuri"]
[Black "Bacallao Alonso, Yusnel"]
[Result "1/2-1/2"]
[WhiteElo "2562"]
[BlackElo "2583"]
[Annotator "TA"]
[PlyCount "42"]
[EventDate "2019.01.05"]
[EventType "swiss"]
[EventCountry "CHI"]
[SourceTitle "playchess.com"]
[Source "ChessBase"]
[SourceQuality "1"]

{[%evp 21,42,0,0,0,0,0,7,0,0,0,0,0,0,-36,8,8,5,8,0,0,29,0,154]} 1. d4 Nf6 2. Nf3 e6 3. e3 b6 4. Bd3 Bb7 5. O-O d5 6. b3 Bd6 7. c4 O-O 8. Nc3 Nbd7 9. Bb2 a6 10. Rc1 dxc4 11. bxc4 c5 12. a4 {E14: Queen's Indian: Classical Variation (4 e3)} (12. d5 exd5 13. Nxd5 b5 14. Nxf6+ Nxf6 15. Qc2 Bxf3 16. gxf3 b4 17. f4 h6 18. Kh1 Re8 19. Rg1 Bf8 {½-½ (33) Vaganian,R (2594)-Miroshnichenko,E (2593) Antwerp 2008}) 12... cxd4 13. exd4 e5 $146 {[#] Strongly threatening ...e4.} ({Predecessor:} 13... Qc7 14. h3 Rfd8 15. Qe2 Rac8 16. Ne4 Bxe4 17. Bxe4 Bf4 18. Rc2 Nxe4 19. Qxe4 Nf6 {½-½ (35) Bell,I (2321)-Grayland,S (2365) ICCF email 2016}) 14. d5 Nc5 {White must now prevent ...e4.} 15. Re1 Re8 {And now ...e4 would win.} 16. Ng5 Bc8 17. Bb1 h6 18. Nge4 Nfxe4 19. Nxe4 Nxe4 20. Bxe4 a5 21. Bb1 Bf8 $2 (21... Bd7 $11) 1/2-1/2

[Event "IV Zicosur Open 2019"]
[Site "Antofagasta"]
[Date "2019.01.10"]
[Round "9"]
[White "Martinez Alcantara, Jose Eduardo"]
[Black "Granda Zuniga, Julio E"]
[Result "1/2-1/2"]
[WhiteElo "2541"]
[BlackElo "2641"]
[Annotator "TA"]
[PlyCount "45"]
[EventDate "2019.01.05"]
[EventType "swiss"]
[EventCountry "CHI"]
[SourceTitle "playchess.com"]
[Source "ChessBase"]
[SourceQuality "1"]

{[%evp 14,45,9,0,30,14,18,24,33,23,26,10,17,13,15,19,7,8,21,0,16,0,16,13,3,0,27,29,29,27,20,0,0,0]} 1. c4 e5 2. g3 Nf6 3. Bg2 Bc5 4. d3 O-O 5. Nf3 Nc6 6. O-O {A20: English Opening: 1...e5} d5 7. cxd5 Nxd5 8. Nc3 {LiveBook: 16 Games} Nde7 (8... Re8 9. Bg5 Nxc3 10. bxc3 f6 11. Bc1 Be6 12. Bb2 Bb6 13. d4 Bd5 14. Qc2 exd4 15. cxd4 {½-½ (56) Carlsen,M (2835)-Caruana,F (2832) London 2018}) 9. b3 $146 ({Predecessor:} 9. Bd2 a6 10. Rc1 Ba7 11. a3 h6 12. b4 Bg4 {1-0 (34) Ginsburg,M (2372)-Bady,G (2185) Miami 2007}) 9... a6 10. Bb2 Ba7 11. Rc1 Re8 12. Ne4 f6 13. a3 Be6 14. b4 Qd7 15. Qc2 Rad8 16. Rfd1 Nf5 17. Nc5 Bxc5 $1 18. Qxc5 Qf7 19. Re1 Rd7 20. Nd2 Nfe7 21. Qc2 Bd5 22. Nf3 Red8 23. Qb1 {Precision: White = 64%, Black = 60%.} 1/2-1/2

[Event "IV Zicosur Open 2019"]
[Site "Antofagasta"]
[Date "2019.01.09"]
[Round "9"]
[White "Abarca Gonzalez, Nicolas"]
[Black "Perez Ponsa, Federico"]
[Result "1/2-1/2"]
[WhiteElo "2416"]
[BlackElo "2560"]
[Annotator "TA"]
[PlyCount "40"]
[EventDate "2019.01.05"]
[EventType "swiss"]
[EventCountry "CHI"]
[SourceTitle "playchess.com"]
[Source "ChessBase"]
[SourceQuality "1"]

{[%evp 27,40,0,0,0,0,14,7,0,0,0,0,0,1,-15,0]} 1. d4 Nf6 2. c4 g6 3. Nc3 Bg7 4. e4 d6 5. Be2 O-O 6. Nf3 e5 7. dxe5 dxe5 8. Qxd8 Rxd8 9. Bg5 Re8 10. O-O-O Na6 {[%cal Bb8a6,Ba6c5,Bc5e6][%mdl 32]} 11. Ne1 Nc5 12. f3 {E92: King's Indian: Classical: 6 Be2 e5: 7 dxe5, 7 Be3 and Petrosian System without 7...Nbd7} c6 13. Nc2 Ne6 (13... a5 14. b3 Nfd7 15. Rd2 f5 16. Rhd1 Nf6 17. Rd6 Ne6 18. Bh4 fxe4 19. fxe4 g5 {0-1 (37) Shukh,N (2429)-Kuzubov,Y (2628) St Petersburg 2010}) 14. Be3 Bf8 {LiveBook: 5 Games. The position is equal.} 15. b3 $146 Bc5 16. Bxc5 Nxc5 17. Rd2 a5 18. Kb2 Be6 19. Rhd1 Kf8 20. Rd6 Ke7 1/2-1/2

[Event "IV Zicosur Open 2019"]
[Site "Antofagasta"]
[Date "2019.01.10"]
[Round "10"]
[White "Granda Zuniga, Julio E"]
[Black "Pichot, Alan"]
[Result "1/2-1/2"]
[WhiteElo "2641"]
[BlackElo "2581"]
[Annotator "TA"]
[PlyCount "112"]
[EventDate "2019.01.05"]
[EventType "swiss"]
[EventCountry "CHI"]
[SourceTitle "playchess.com"]
[Source "ChessBase"]
[SourceQuality "1"]

{[%evp 18,112,6,0,25,20,37,22,22,20,31,22,36,18,41,8,23,0,8,12,27,27,22,24,24,23,40,14,15,15,14,14,15,8,0,0,0,0,14,17,23,16,31,18,28,10,10,11,11,0,14,14,14,14,63,14,14,0,65,0,13,0,15,0,0,0,13,-41,-23,-27,13,13,13,-7,-7,-7,-7,-7,-7,-7,-7,-7,-7,-7,-7,-7,-7,-7,-7,-7,-7,-7,-7,-7,0,-7,0]} 1. e4 c5 2. Nf3 e6 3. d4 cxd4 4. Nxd4 Nc6 5. Nc3 Qc7 6. g3 a6 7. Bg2 Nf6 8. O-O Be7 9. b3 O-O 10. Bb2 {LiveBook: 8 Games} Nxd4 {B47: Sicilian: Taimanov: 5 Nc3 Qc7 6 f4, 6 g3 and 6 Be2} (10... d6 11. Kh1 {½-½ (11) Shanava,K (2532)-Wojtaszek,R (2620) Dresden 2007}) 11. Qxd4 e5 12. Qd3 d6 13. Nd1 $146 ({Predecessor:} 13. a4 b6 14. f4 Bb7 15. Nd5 Nxd5 16. exd5 f5 17. c4 e4 18. Qe3 {0-1 (30) Nozdrachev,V (2328)-Shkuran,D (2437) Obninsk 2008}) 13... b5 14. Ne3 Rd8 15. Rfc1 Be6 16. a4 Qb6 17. a5 Qa7 18. Bc3 {[%cal Bb2c3,Bc3d2,Bd2e3][%mdl 32]} Ng4 19. Nxg4 Bxg4 20. Bd2 Be6 21. Be3 Qd7 22. c4 (22. f4 $5 {[%cal Rf4f5]} Bh3 23. Bxh3 Qxh3 24. Bb6 $11) 22... bxc4 23. bxc4 Rdc8 24. Bf1 Rc6 25. Qb3 Rac8 26. Ra4 Bd8 27. Rca1 h6 28. Rb4 Kh7 29. h4 h5 30. Kh2 g6 31. Bd3 Kg8 32. Qa2 Qc7 33. Qe2 Rb8 ({Don't go for} 33... Bxc4 $2 34. Rxc4 Rxc4 35. Bb6 $18) 34. Bb6 Qc8 {[%cal Rd8b6]} 35. Rab1 Rb7 36. Qe3 {[#] Bxd8 is the strong threat.} Be7 37. Qe2 (37. R1b2 $11) 37... Bd8 $14 38. Qe3 ({Better is} 38. R4b2 $1 $14) 38... Kh7 39. Qe2 Kg7 40. R4b2 Bxb6 41. Rxb6 Rbc7 42. c5 (42. Qd2 $11) 42... Rxc5 $15 43. Rxa6 d5 (43... Qd8 {seems wilder.} 44. Qe1 Rc3 45. Rd1 Ra3 46. Be2 Rc2) 44. exd5 {The position is equal.} Rxd5 {Threatens to win with ...Bg4.} 45. Rxe6 (45. Be4 {is more complex.} Bg4 46. Qa2 Rd4 47. Ra8 Qe6 48. Qa3) 45... Qxe6 46. Bc4 {[#]} Rxc4 $1 {[%mdl 512]} 47. Qxc4 {Black must now prevent Ra1.} Rxa5 48. Qxe6 fxe6 $11 {[%mdl 4096] Endgame KR-KR} 49. Kg2 Kf6 50. Kf3 Ra3+ 51. Ke4 Ra4+ 52. Ke3 Kf5 53. Rb8 Ra3+ 54. Ke2 Ra2+ 55. Ke3 Ra3+ 56. Ke2 Ra2+ {Precision: White = 52%, Black = 55%.} 1/2-1/2

[Event "IV Zicosur Open 2019"]
[Site "Antofagasta"]
[Date "2019.01.10"]
[Round "10"]
[White "Delgado Ramirez, Neuris"]
[Black "Flores, Diego"]
[Result "1-0"]
[WhiteElo "2623"]
[BlackElo "2609"]
[Annotator "TA"]
[PlyCount "91"]
[EventDate "2019.01.05"]
[EventType "swiss"]
[EventCountry "CHI"]
[SourceTitle "playchess.com"]
[Source "ChessBase"]
[SourceQuality "1"]

{[%evp 17,91,-7,-2,-16,-8,-40,-35,-32,34,31,32,24,71,18,64,13,58,45,60,61,55,66,70,57,91,97,90,95,90,100,87,101,80,90,220,232,241,220,196,198,222,232,223,222,196,164,273,259,249,268,257,256,241,239,314,325,375,382,406,403,472,466,510,510,513,521,424,427,656,650,1214,1211,2287,2130,2106,1446]} 1. e4 c5 2. Nf3 e6 3. g3 Nc6 4. Bg2 Nf6 5. Qe2 d5 6. d3 Be7 7. O-O b6 8. c3 {C00: French: Unusual White 2nd moves} (8. Nbd2 Bb7 9. Re1 Qc7 10. Nf1 dxe4 11. dxe4 Nd4 12. Nxd4 cxd4 13. e5 Nd7 14. Bxb7 Qxb7 15. Qg4 h5 16. Qxd4 Nc5 17. h4 Rd8 {0-1 (47) Christiansen,J (2495)-Harikrishna,P (2744) Riadh 2017}) 8... Ba6 9. e5 Nd7 {LiveBook: 4 Games} 10. h4 {The position is equal.} h6 11. h5 Qc7 {[%cal Rd7e5]} 12. Re1 O-O-O ({Better is} 12... O-O $15) 13. a4 $146 ({Predecessor:} 13. Na3 c4 14. d4 Rde8 15. b4 Nd8 {1-0 (47) Bulmaga,I (2388)-Visanescu,D (2036) Calimanesti Caciulata 2017}) 13... c4 14. d4 Na5 15. Bf4 (15. b4 $16 Nb3 16. Ra2) 15... Kb8 16. Nbd2 (16. b4 $14 Nb3 17. Ra2) 16... Bb7 17. Reb1 g5 18. hxg6 fxg6 19. b3 g5 20. Be3 $1 Nf8 21. bxc4 dxc4 22. Rb5 Bd5 23. Rab1 {Black must now prevent Rxa5.} Ka8 24. Ne1 Qc6 25. Qh5 Rg8 (25... Bxg2 $16 {might work better.} 26. Nxg2 Nd7) 26. Qf7 $18 ({But not} 26. Qxh6 Bxg2 27. Nxg2 Nd7) 26... Ng6 {[#] With the idea ...Bxg2.} 27. Rxd5 $1 {[%mdl 512]} exd5 {[#]} (27... Rxd5 28. Qxg8+) 28. Rb5 $1 {[%cal Rb5d5]} Rgf8 {[#]} 29. Qxd5 $1 {[%mdl 512]} Qxd5 (29... Rxd5 30. Bxd5) 30. Bxd5+ Kb8 31. Ng2 Ba3 (31... Kc7 $142 32. Be4 Rg8) 32. Be4 Rg8 33. Rxa5 bxa5 34. Nxc4 Bf8 35. Nxa5 Ne7 36. c4 Bg7 37. f4 gxf4 38. gxf4 Rdf8 39. d5 {White is clearly winning.} Nf5 40. Nc6+ Kb7 41. Bxf5 Rxf5 42. Ne7 Rff8 (42... Rgf8 $142 43. Nxf5 Rxf5) 43. c5 {[%cal Bc4c5,Bc5c6][%mdl 32]} h5 44. c6+ Ka6 45. Nxg8 Rxg8 46. d6 {Precision: White = 76%, Black = 33%.} 1-0

[Event "IV Zicosur Open 2019"]
[Site "Antofagasta"]
[Date "2019.01.10"]
[Round "10"]
[White "Flores, Diego"]
[Black "Martinez Alcantara, Jose Eduardo"]
[Result "0-1"]
[WhiteElo "2609"]
[BlackElo "2541"]
[Annotator "TA"]
[PlyCount "58"]
[EventDate "2019.01.05"]
[EventType "swiss"]
[EventCountry "CHI"]
[SourceTitle "playchess.com"]
[Source "ChessBase"]
[SourceQuality "1"]

{[%evp 20,58,33,32,27,20,25,26,63,51,47,35,50,0,0,0,25,25,21,0,21,17,32,10,29,11,23,16,18,0,0,0,150,-304,-293,-302,-302,-299,-295,-29997,-231]} 1. Nf3 c5 2. e3 Nf6 3. d4 e6 4. Bd3 d5 5. c3 Bd6 6. O-O O-O 7. Nbd2 Nbd7 8. Re1 Qc7 9. e4 cxd4 10. cxd4 dxe4 11. Nxe4 {LiveBook: 19 Games} Bb4 {D05: Colle System with ...e6} (11... Be7 12. Bg5 Qd8 13. Ne5 Nxe4 14. Bxe7 Qxe7 15. Nxd7 Bxd7 16. Bxe4 Qd6 17. Rc1 Rab8 18. Re3 Rfd8 19. Rec3 {½-½ (56) Khatoev,E (2338)-Goganov,A (2560) Samara 2013}) 12. Bd2 Bxd2 13. Qxd2 b6 {White has an edge.} 14. Rac1 Qb8 15. Ne5 Bb7 16. Nxf6+ $146 ({Predecessor:} 16. Ng5 Qd6 17. Qc2 g6 18. Qa4 Kg7 19. Bc4 {0-1 (43) Ankit,R (2194)-Thejkumar,M (2441) Nagpur 2008}) 16... Nxf6 17. Re3 {[#] Rg3 is the strong threat.} Qd8 18. Rce1 Nd5 19. Rg3 {Qh6 would kill now.} f5 20. Bc4 Rc8 21. Bb3 (21. b3 {with more complications.} Qe7 22. Nd3 Qf6 23. Bxd5 Bxd5 24. Nf4) 21... Rc7 22. Nf3 $40 {[%mdl 128] Hoping for Ng5. Black needs to defend precisely.} Qd6 23. h4 Re7 {[%cal Bc7e7,Be7e6,Be6e1][%mdl 32]} 24. Qg5 h6 25. Qd2 Nf6 ({Black should play} 25... Kh7 $11) 26. Rxe6 $2 (26. Qxh6 $16 Qxg3 27. Rxe6 gxh6 28. Rxe7+ {[%mdl 64] Discovered Attack} (28. fxg3 $2 {too greedy.} Rxe6 29. Bxe6+ Kg7 $19) 28... Bd5 29. fxg3) 26... Rxe6 $19 27. Qxh6 {[%csl Gh6][%cal Rg3g7]} Rf7 {Threatens to win with ...Bxf3.} 28. Ne5 Bd5 29. Nxf7 $2 {[#]} (29. Qh8+ $19 Kxh8 30. Nxf7+ Kh7 31. Nxd6 Rxd6 32. Rd3) 29... Re1+ {Accuracy: White = 32%, Black = 50%.} 0-1

[Event "IV Zicosur Open 2019"]
[Site "Antofagasta"]
[Date "2019.01.10"]
[Round "10"]
[White "Bacallao Alonso, Yusnel"]
[Black "Henriquez Villagra, Cristobal"]
[Result "1/2-1/2"]
[WhiteElo "2583"]
[BlackElo "2488"]
[Annotator "TA"]
[PlyCount "61"]
[EventDate "2019.01.05"]
[EventType "swiss"]
[EventCountry "CHI"]
[SourceTitle "playchess.com"]
[Source "ChessBase"]
[SourceQuality "1"]

{[%evp 14,61,6,4,14,10,12,3,5,12,29,13,31,33,39,35,43,43,43,39,35,49,49,39,40,37,49,33,37,0,33,0,32,0,51,0,46,0,45,0,41,0,47,49,32,-4,39,36,52,0]} 1. e4 c5 2. Nf3 d6 3. d4 cxd4 4. Nxd4 Nf6 5. Nc3 Nc6 6. g3 g6 7. Nxc6 {B70: Sicilian Dragon: 6 g3 and 6 Be2 (without a later Be3)} bxc6 8. Bg2 {LiveBook: 3 Games} Qc7 9. b3 {The position is equal.} Bg7 {Strongly threatening ...Nxe4!} 10. Bb2 O-O 11. O-O Bb7 $146 ({Predecessor:} 11... Ba6 12. Re1 Rad8 13. Qd4 e5 14. Qd2 Nd7 {½-½ (58) Wang,H (2722)-Wojtaszek,R (2727) Douglas 2018}) 12. Na4 Rad8 13. Qe2 e5 14. Rad1 Rfe8 15. Rfe1 Nd7 16. Bc3 Bh6 17. Bd2 Bxd2 18. Rxd2 Nf8 19. Qe3 Bc8 20. Red1 Bg4 21. Re1 Bc8 22. Red1 Bg4 23. Re1 Bc8 24. Red1 Bg4 25. Bf3 Bc8 26. Bg2 Bg4 27. Bf3 Bc8 28. Qc3 Ne6 29. Qe3 Nf8 30. Nb2 f5 31. Bg2 {Accuracy: White = 55%, Black = 79%.} ({White should play} 31. exf5 $14 Bxf5 32. c4) 1/2-1/2

[Event "IV Zicosur Open 2019"]
[Site "Antofagasta"]
[Date "2019.01.10"]
[Round "10"]
[White "Cruz, Cristhian"]
[Black "Gonzalez Vidal, Yuri"]
[Result "1/2-1/2"]
[WhiteElo "2564"]
[BlackElo "2562"]
[Annotator "TA"]
[PlyCount "59"]
[EventDate "2019.01.05"]
[EventType "swiss"]
[EventCountry "CHI"]
[SourceTitle "playchess.com"]
[Source "ChessBase"]
[SourceQuality "1"]

{[%evp 24,59,9,6,20,17,14,8,8,8,9,8,9,2,52,57,52,53,52,49,52,60,65,58,56,41,66,73,73,35,31,29,39,41,35,31,41,-384]} 1. d4 Nf6 2. c4 e6 3. Nf3 d5 4. Nc3 Bb4 5. Bg5 h6 6. Bxf6 Qxf6 7. Qa4+ Nc6 8. e3 O-O {D38: Queen's Gambit Declined: Ragozin Defence (4 Nf3 Bb4)} 9. Bd3 dxc4 10. Bxc4 Bxc3+ 11. bxc3 Bd7 12. O-O Rfd8 13. Qa3 {LiveBook: 5 Games} Qe7 (13... b6 {is interesting.} 14. Qb2 Na5 15. Ba6 c5 16. Ne5 Be8) 14. Qxe7 Nxe7 15. Rab1 b6 {[#]} 16. Rfc1 $146 ({Predecessor:} 16. Ne5) 16... c5 17. dxc5 bxc5 18. Rb7 {[#] And now Ne5 would win.} Nd5 19. Bxd5 $1 exd5 20. Rc7 Rac8 21. Rxa7 Ra8 22. Rc7 c4 23. Rc2 Bf5 24. Rb2 Rdb8 25. Rxb8+ Rxb8 26. h3 Rb1+ 27. Kh2 Rb2 28. Nd4 {White is slightly better.} Be4 29. Kg3 Rxa2 30. Kh2 $2 {[%mdl 40960] Accuracy: White = 62%, Black = 66%. . An unexpected result.} (30. Rc8+ $14 {stays ahead.} Kh7 31. Rd8) 1/2-1/2

[Event "IV Zicosur Open 2019"]
[Site "Antofagasta"]
[Date "2019.01.10"]
[Round "10"]
[White "Perez Ponsa, Federico"]
[Black "Vera Siguenas, Deivy"]
[Result "1-0"]
[WhiteElo "2560"]
[BlackElo "2483"]
[Annotator "TA"]
[PlyCount "161"]
[EventDate "2019.01.05"]
[EventType "swiss"]
[EventCountry "CHI"]
[SourceTitle "playchess.com"]
[Source "ChessBase"]
[SourceQuality "1"]

{[%evp 18,161,74,82,101,101,97,80,81,64,117,116,136,87,162,124,160,128,114,108,109,101,112,108,99,83,91,97,83,91,94,85,114,113,214,59,106,106,109,84,105,105,114,106,114,114,114,114,114,114,124,114,138,138,138,138,142,142,142,142,142,142,142,142,142,109,109,110,132,110,113,110,110,110,132,110,110,110,138,110,110,85,138,110,110,0,138,138,138,138,138,138,156,113,113,113,113,107,107,0,113,107,107,104,135,113,113,113,127,120,127,100,130,130,118,104,130,117,107,111,508,451,1364,1364,2538,2745,3710,3452,5731,2457,2606,2202,2880,1074,2689,2882,29976,29977,29977,29978,29977,29978,11413,6516,29979,29977]} 1. e4 c6 2. d4 d5 3. e5 Bf5 4. Nf3 e6 5. Be2 Ne7 6. c3 h6 7. O-O Nd7 8. a4 {B12: Caro-Kann: Advance Variation} (8. Nbd2 c5 9. dxc5 Nxc5 10. Nd4 Nd7 11. Nxf5 Nxf5 12. Bd3 Ne7 13. Nf3 Nc6 14. Re1 Qc7 15. Qe2 g5 {0-1 (50) Karjakin,S (2773)-Mamedyarov,S (2801) Saint Louis 2018}) 8... Bh7 9. a5 a6 {[#]} 10. b4 $1 {LiveBook: 6 Games. White is better.} Ng6 11. Ne1 Be7 12. Bd3 $146 ({Predecessor:} 12. Nd3 O-O 13. f4 f6 14. Bg4 f5 15. Be2 Nh8 {1-0 (34) Huschenbeth,N (2596)-Basso,P (2460) Bastia 2017}) 12... O-O 13. Qc2 f5 (13... b6 $14) 14. f4 Rf7 15. Nd2 {[%cal Bb1d2,Bd2b3,Bb3c5][%mdl 32]} Qc7 (15... Ngf8 $16) 16. Nb3 Kh8 17. Nc5 Nxc5 18. dxc5 Rg8 19. Nf3 Nf8 20. Nd4 g5 21. Kh1 gxf4 22. Bxf4 Bg5 23. g3 {[%cal Bg2g3,Bg3f4][%mdl 32]} Rfg7 24. Rae1 Qd7 25. Qd2 Ng6 (25... Qe7 $16 {was worth a try.}) 26. Nf3 $2 (26. Bxg5 $18 hxg5 {[#]} 27. Bxf5 $1 {[%mdl 512]} exf5 28. e6 (28. Nxf5 Nf4 $14)) 26... Bxf4 27. gxf4 Nf8 28. Rg1 Bg6 29. Nd4 Be8 30. Qf2 Rxg1+ 31. Rxg1 Rxg1+ 32. Kxg1 Ng6 33. Qg3 Kh7 34. Kf2 Qf7 35. Be2 Ne7 36. Ke3 Bd7 37. Qh4 Kg7 38. Bh5 Qf8 39. Kd3 Bc8 40. Ne2 Bd7 41. Ng3 Ng8 42. Bf3 Kh7 43. Nh5 Kg6 44. Kd4 Bc8 45. Ng3 Kh7 46. Bh5 Bd7 47. Ne2 Bc8 48. Ng1 Bd7 49. Nf3 Kg7 (49... Qe7 $142) 50. Qg3+ Kh8 51. Qh4 Kg7 $1 52. Kd3 Qe7 53. Qg3+ Kh8 54. Nd4 Qg7 55. Nc2 Qxg3+ 56. hxg3 $16 {[%mdl 4096] Endgame KBN-KBN} Ne7 57. Ne3 Kg7 58. Nc2 ({White should try} 58. Ke2 $16) 58... Bc8 (58... Kh8 $1 $11 {remains equal.}) 59. Nd4 Bd7 60. Ke3 Bc8 61. Kf3 Bd7 62. Kg2 Bc8 63. Kh3 Bd7 64. Kh4 Bc8 65. Ne2 Bd7 66. Nc1 Bc8 67. Nd3 Bd7 68. Nb2 Kh7 $2 {[%mdl 8192]} (68... Kf8 $16) 69. Na4 $18 Nc8 (69... Ng6+ $142 70. Bxg6+ Kxg6) 70. Nb6 Nxb6 71. axb6 {KB-KB} Bc8 72. g4 Kg7 73. Be8 (73. gxf5 $142 exf5 74. Be2) 73... Kf8 74. Bg6 Kg7 75. Bh5 (75. gxf5 $142 exf5 76. Bh5) 75... Bd7 76. gxf5 exf5 77. Be2 Bc8 78. Kh5 Kh7 79. Bf1 Kg7 80. Bd3 Kh7 {[#]} 81. e6 $1 {[%mdl 512] Accuracy: White = 45%, Black = 38%.} 1-0